Islâm cemiyetinin esas temelleri: (Record no. 46868)
[ view plain ]
| 000 -LEADER | |
|---|---|
| fixed length control field | 00640cam a22002171 4500 |
| 001 - CONTROL NUMBER | |
| control field | ne 64000852 |
| 003 - CONTROL NUMBER IDENTIFIER | |
| control field | DLC |
| 005 - DATE AND TIME OF LATEST TRANSACTION | |
| control field | 20260227111757.0 |
| 008 - FIXED-LENGTH DATA ELEMENTS--GENERAL INFORMATION | |
| fixed length control field | 911206s1963 tu b 000 0 tur |
| 010 ## - LIBRARY OF CONGRESS CONTROL NUMBER | |
| LC control number | ne 64000852 |
| 035 ## - SYSTEM CONTROL NUMBER | |
| System control number | (OCoLC)24904563 |
| 040 ## - CATALOGING SOURCE | |
| Original cataloging agency | DLC |
| Transcribing agency | CU |
| Modifying agency | DLC |
| 050 00 - LIBRARY OF CONGRESS CALL NUMBER | |
| Classification number | HN40.M6 |
| Item number | T8 |
| 100 1# - MAIN ENTRY--PERSONAL NAME | |
| Personal name | Turnagil, Ahmed Reşid. |
| 245 10 - TITLE STATEMENT | |
| Title | Islâm cemiyetinin esas temelleri: |
| Remainder of title | hürriyet, adalet, kardeşlik, müsavat. |
| Statement of responsibility, etc. | Neşreden: Abdullah Işıklar. |
| 260 ## - PUBLICATION, DISTRIBUTION, ETC. | |
| Place of publication, distribution, etc. | İstanbul, |
| Date of publication, distribution, etc. | 1963. |
| 300 ## - PHYSICAL DESCRIPTION | |
| Extent | 48 p. |
| Dimensions | 20 cm. |
| 504 ## - BIBLIOGRAPHY, ETC. NOTE | |
| Bibliography, etc. note | Bibliographical footnotes. |
| 650 #0 - SUBJECT ADDED ENTRY--TOPICAL TERM | |
| Topical term or geographic name entry element | Islamic sociology. |
| 700 1# - ADDED ENTRY--PERSONAL NAME | |
| Personal name | Işıklar, Abdullah. |
No items available.